Oeuvres complètes.
Saved in:
| Hovedforfatter: | |
|---|---|
| Andre forfattere: | |
| Format: | Bog |
| Sprog: | fransk |
| Udgivet: |
Paris, France:
Gallimard,
1949 -1951.
|
| Serier: | Bibliotheque de la pleiade.
|
| Fag: | |
| Tags: |
Tilføj Tag
Ingen Tags, Vær først til at tagge denne postø!
|
MARC
| LEADER | 00000nam a2200000 a 4500 | ||
|---|---|---|---|
| 001 | UCY2103 | ||
| 003 | CL-VaPUC | ||
| 005 | 20220822114324.0 | ||
| 008 | 941010e19490000FR |||||||||||||||||fre|d | ||
| 999 | |c 230610 |d 230608 | ||
| 020 | |a 2-07-010366-8 | ||
| 040 | |c Pontificia Universidad Católica de Valparaíso | ||
| 082 | 0 | 4 | |a 848 MON 1949 (t.I) |2 21 |
| 082 | 0 | 4 | |a 848 MON 1951 (t.II) |2 21 |
| 100 | |a Montesquieu, Charles Louis de Secondat, Barón de |e autor |9 515729 | ||
| 245 | 1 | 0 | |a Oeuvres complètes. |
| 260 | |a Paris, France: |b Gallimard, |c 1949 -1951. | ||
| 300 | |a 2 Volúmenes. | ||
| 490 | 0 | |a Bibliotheque de la pleiade. | |
| 500 | |a c.2 Tomo I: Donación Familia Prof. Alejandro Guzmán Brito. c.2 Tomo II: Donación Familia Prof. Alejandro Guzmán Brito. | ||
| 505 | |a t.I: Discours et memories - Oeuvres académiques - Oeuvres litteraires - Portraits politiques - Voyages - Mes pensées. t.II: Préparation de l'esprit des lois - De l'esprit des lois - Après l'esprit des lois - Derniéres oeuvres - Spicilège - Appendice. | ||
| 583 | |a last modification |c 19941010 00:00:00 |k Rodrigo Vera | ||
| 600 | |a Montesquieu, Charles Louis de Secondat, Barón de, |d 1689-1755 |9 867047 |x Colección de escritos | ||
| 700 | |a Caillois, Roger |e texte presenté et annote |9 866145 | ||
| 942 | |c BK |2 ddc |n 0 | ||
| 945 | |d 19941010 00:00:00 |a mfernand | ||
| 952 | |0 0 |1 0 |2 ddc |4 0 |6 848_000000000000000_MON_1949 |7 0 |8 A |9 233001 |a BIBART |b BIBART |d 2019-11-15 |h v.1 |i 3025136 |o 848 MON 1949 |p 3025136 |r 2025-03-13 |w 2019-11-15 |y BK |k ART | ||
| 952 | |0 0 |1 0 |2 ddc |4 0 |6 848_000000000000000_MON_1949 |7 0 |8 A |9 233002 |a BIBART |b BIBART |d 2019-11-15 |h v.2 |i 342703K |o 848 MON 1949 |p 342703K |r 2025-03-13 |w 2019-11-15 |y BK |k ART | ||
| 952 | |0 0 |1 0 |2 ddc |4 0 |6 848_000000000000000_MON_1949 |7 1 |8 C_AGB |9 581113 |a BIBDER |b BIBDER |d 2022-02-03 |e Donación |h t.I |i 5644607 |o 848 MON 1949 |p 5644607 |r 2023-01-25 |t 2 |w 2022-02-03 |y BK_US |k AGB | ||
| 952 | |0 0 |1 0 |2 ddc |4 0 |6 848_000000000000000_MON_1951 |7 1 |8 C_AGB |9 581286 |a BIBDER |b BIBDER |d 2022-02-10 |e Donación |h t.II |i 5646324 |o 848 MON 1951 |p 5646324 |r 2023-01-25 |t 2 |w 2022-02-10 |y BK_US |k AGB | ||